000 01534nam a2200349 c 4500
003 BLK
005 20250707121919.0
008 180409b bul|||||r ||||||| ||bul||
010 _aKNG00137230000
020 _a978-954-516-988-5
_bиздат.: Летера
040 _aBLK
041 _aBUL
_cBUL
072 7 _2bullib
_aН83
_xЧужда художествена литература Н
080 _aТурска литература
_b821.512.161
_x-311.6
_z821.512.161-311.6
100 1 _aАлтънйелеклиоглу, Демет
_eпърви автор
_9322717
700 1 _aКая, Диана Динова
_eпрев. от тур.
_977920
139 _aАлтънйелеклиоглу, Демет
_bА 58
245 1 0 _aВеликолепният век. Хюрем - московската наложница
_bРоман
_cДемет Алтънйелеклиоглу; прев. от тур. Диана Динова Кая.
257 _aTUR
260 София
_bЛетера
_c2012
_fКостинброд : Мултипринт
300 _a620 с.
_c20 см
380 _aX
500 _aОриг. загл. Moskof Cariye Hurrem / Demet Altinyeleklioglu. - Съдържа и за авт.
653 _aисторически романи
659 _aН
852 _aЦб 257416
856 4 _qpdf
_u
856 4 _qpdf
_u
942 _cKNG
_n0
_037
944 _aCR
_c07.11.2008
_lЦветомила Тодорова
_k30576
944 _aED
_c15.03.2017
_lф /
_kЛюдмила_Стоянова
999 _c131413
_d131413